000 00427cam a2200181ua 4500
020 _c3.25
041 _aeng
_h
082 _a823.308
_bHEM/JI
100 _aHemming, James .
245 _aJimmy the flint`s last haul /
_cJames Hemming.
_hTextual Documents
250 _a1 /
_b.
260 _aLondon :
_bLongman ,
_c1960.
300 _a64 ; .
365 _a3.25
504 _a
942 _cBK
999 _c11955
_d11955